000 00451nam a2200157 i 4500
001 bgj
100 1 _aTHORNDIKE, E. L.
245 1 0 _aThe Thorndike-Century Junior Dictionary /
_cE. L. Thorndike.
260 _aChicago :
_bScott, Foresman and Company,
_cc. 1935.
300 _aX, 938 pp. :
_bill. ;
_c22 cm.
650 9 _aEncyclopedies and |Dictionaries
040 _cBPK
041 _aeng
942 _cKS
008 s uk f |000 0 eng
999 _c47434
_d47434
856 _uhttp://koha.tu.koszalin.pl/cgi-bin/koha/opac-detail.pl?biblionumber=47434
_yKatalog online BPK